The Office Trivia #QUY - Statistics

General Stats
  • This quiz has been taken 41 times
  • The average score is 10 of 15
Answer Stats
Hint Answer % Correct
Dwight often starts with this word, when asking something. Question
94%
When finding a joint, Dwight wants to test everyones __ Urine
94%
The warehouse workers, fueled on by Michael want to form a __ but Jan shuts it down Union
88%
Karen becomes Regional Manager at __ Utica
88%
Creed is Head of this department Quality assurance
81%
AJ sets an __, regarding his engagement with Holly. Ultimatum
81%
Whats __? Nothing much, whats up with you? updog
78%
The medal for the Office Olympics are made of __ __ Yogurt Lids
69%
Michael states that he has "two __" for the Casino Night and that he is going to "drop a deuce on everyone Queens
56%
Michael turns Secret Santa into this game Yankee Swap
53%
Hide was a heart surgeon for the __ Yakuza
50%
But he cant remember what its called and comes up with Quabity assuance
44%
One of the extra gifts inside the tea pot Yearbook Picture
38%
"I have to make sure __ come down and tape this" - Michael YouTube
34%
Name of Oscars Pub Quiz Team Queerenstein Bears
19%
No matching quizzes found
Score Distribution
Percent of People with Each Score
Percentile by Number Answered
Your Score History
You have not taken this quiz